Problèmes de la théorie asymptotique des oscillations non stationnaires

Uloženo v:
Podrobná bibliografie
Hlavní autor: Mitropolski, Youri A. (autor)
Médium: Kniha
Jazyk:francouzština
Vydáno: París Gauthier-Villars 1966
Edice:Monographies Internationales de Mathématiques Modernes, 7
Témata:
Tagy: Přidat tag
Žádné tagy, Buďte první, kdo vytvoří štítek k tomuto záznamu!

MARC

LEADER 00000nam a2200000 a 4500
001 UCP0321
003 CL-VaPUC
008 990305e19660000FR |||||||||||||||||fre|d
082 0 4 |a 531.32  |b MIT  |2 21 
100 |a Mitropolski, Youri A.  |e autor  |9 425525 
245 1 0 |a Problèmes de la théorie asymptotique des oscillations non stationnaires 
300 |a 546 p 
942 |c BK 
945 |d 19990305 00:00:00  |a crobeson 
260 |a París  |b Gauthier-Villars  |c 1966 
650 7 |a OSCILACIONES NO ESTACIONARIAS  |2 CL-VaPUC  |9 425526 
650 7 |a TEORIA ASINTOTICA  |2 CL-VaPUC  |9 424868 
650 0 |a Física matemática   |9 260981 
650 0 |a Ecuaciones diferenciales  |9 260083 
650 7 |a OSCILACIONES NO LINEALES  |2 CL-VaPUC  |9 407392 
583 |a last modification  |c 19990305 00:00:00  |k Rodrigo Vera 
490 0 |a Monographies Internationales de Mathématiques Modernes, 7 
999 |c 279146  |d 279144